000 00661nam a2200205Ii 4500
003 JO-AjNU
008 230605s9999||||xx |||||||||||||| ||und||
017 _a1998/8/1387
040 _aJO-AjNU
_bara
_erda
_cJO-AjNU
041 _aara
050 1 4 _aDS39.K42 1998
100 3 _aالخطبا، فوزي,
_eauthor
_97504
245 0 0 _aشهداء النهضة العربية : دراسات وثائقية
264 3 1 _aعمان: امانة عمان الكبرى، 1998
300 _a238ص
336 _atext
_btxt
_2rdacontent
337 _aunmediated
_bn
_2rdamedia
338 _avolume
_bnc
_2rdacarrier
650 4 _aالبلاد العربية- تاريخ
_97505
999 _aA312
_c3880
_d3880